Statystyki dla Miasta Polski

Kliknij tutaj aby rozwiązać quiz!

Ogólne statystyki

  • Ten quiz został rozwiązany 72 razy
  • Średni wynik to 9 z 39

Odpowiedzi na mapie

Odpowiedzi skodowane kolorowo w zielono-czerwonej skali na mapie do tego quizu, zgodnie z poniższymi procentami.
 

Statystyki odpowiedzi

Odpowiedź% Poprawnych
Warszawa
61%
Gdańsk
46%
Kraków
44%
Bydgoszcz
41%
Białystok
37%
Gdynia
37%
Kalisz
35%
Koszalin
35%
Elbląg
33%
Opole
33%
Kielce
31%
Wrocław
28%
Szczecin
26%
Gorzów Wielkopolski
24%
Legnica
24%
Poznań
24%
Radom
24%
Rzeszów
24%
Płock
22%
Wałbrzych
22%
Zielona Góra
22%
Słupsk
20%
Tarnów
20%
Lublin
19%
Bielsko-Biała
17%
Grudziądz
15%
Bytom
13%
Rybnik
13%
Włocławek
13%
Chorzów
11%
Katowice
9%
Tychy
9%
Dąbrowa Górnicza
7%
Żory
7%
Gliwice
6%
Sosnowiec
6%
Zabrze
4%
Toruń
2%
Olsztyn
0%

Rozkład punktacji

Percentyl według liczby udzielonych odpowiedzi

Procent ludzi z każdym wynikiem

Twoja historia wyników

Nie rozwiązałeś tego quizu